000
00211 a2200109 4500
001
34586
090
_c
22869
_d
22869
100
_a
Holzschlang, Mally E
245
_a
Using HTML 4
260
_a
ND
_b
PHI
505
_a
CD/DVD
942
_a
NUST-CAE
999
_c
269659
_d
269659